000 00599cam a22002173a 4500
001 39626
003 PGUSA
005 20140828083859.0
008 120505s2012||||xxu|||||s|||||000 | eng d
040 _aPGUSA
_beng
042 _adc
100 1 _aNesbit, Wilbur D.
245 1 3 _aAn Alphabet of History
_h[electronic resource] /
_cWilbur D. Nesbit
260 _bProject Gutenberg,
_c2012
506 _aPublic domain in the USA.
516 _aElectronic text
700 1 _aYoung, Ellsworth
830 0 _aProject Gutenberg
_v39626
856 4 0 _uhttp://www.gutenberg.org/ebooks/39626
942 _cEB
999 _c268879
_d268879